[Event "Sparkassen-Open A"]
[Site "Heusenstamm, Martinsee"]
[Date "2024.11.23"]
[Round "4.1"]
[White "Dgebuadze, Alexandre"]
[Black "Grigoryan, Karen H."]
[Result "0-1"]
[WhiteElo "2408"]
[BlackElo "2603"]
[PlyCount "68"]
[EventDate "2024.11.21"]
[WhiteTeam "SC Remagen-Sinzig e.V."]
[BlackTeam "Yerevan"]

1. e4 c5 2. Nf3 d6 3. d4 cxd4 4. Nxd4 Nf6 5. Nc3 a6 6. Bd3 g6 7. O-O Bg7 8. h3 O-O 9. Bg5 b5 10. Qd2 Bb7 11. Bh6 Nbd7 12. Bxg7 Kxg7 13. Rfe1 Qb6 14. Bf1 Rac8 15. Nd5 Bxd5 16. exd5 Nxd5 17. a4 e5 18. Nf5+ gxf5 19. Qxd5 Nf6 20. Qd3 Ne4 21. Re2 Kf6 22. axb5 axb5 23. c3 Rg8 24. Rc2 b4 25. cxb4 Qxb4 26. Rxc8 Rxc8 27. Qe3 Qd2 28. Qb6 Kg7 29. b4 f4 30. Ba6 Rc2 31. Rf1 Ng3 32. Qd8 h6 33. Qh4 Nxf1 34. Bxf1 Qd1 0-1

[Event "Sparkassen-Open A"]
[Site "Heusenstamm, Martinsee"]
[Date "2024.11.23"]
[Round "4.2"]
[White "Sivuk, Vitaly"]
[Black "Stork, Oliver"]
[Result "1-0"]
[WhiteElo "2502"]
[BlackElo "2366"]
[PlyCount "149"]
[EventDate "2024.11.21"]
[WhiteTeam "Sfr. Wolfhagen e. V."]
[BlackTeam "Klub Kölner Schachfreunde e. V."]

1. d4 d5 2. c4 e6 3. Nc3 h6 4. Nf3 Nf6 5. Bf4 Bd6 6. Be5 Bxe5 7. Nxe5 O-O 8. e3 Nbd7 9. Be2 c5 10. Nxd7 Qxd7 11. dxc5 dxc4 12. Qd4 b5 13. cxb6 Qxd4 14. exd4 axb6 15. Bxc4 Rd8 16. Rd1 Bb7 17. f3 Bd5 18. Nxd5 Nxd5 19. Kf2 Nb4 20. a3 Rac8 21. Be2 Nc6 22. Ke3 Ne7 23. Bd3 Rd5 24. Rd2 b5 25. Rhd1 b4 26. axb4 Rb8 27. b5 Nf5+ 28. Kf2 Nd6 29. g4 Kf8 30. Ke3 Nxb5 31. Bc4 Rd7 32. f4 Nd6 33. b3 Rc7 34. Rc2 Ra8 35. Bd3 Rb7 36. Rc6 Ke7 37. Bc2 Kd7 38. Rc5 Ra2 39. d5 exd5 40. Rdxd5 g6 41. h4 Rb6 42. h5 gxh5 43. Rxh5 Ra1 44. Ra5 Rg1 45. Ra7+ Kd8 46. g5 Rg3+ 47. Kd4 Nb5+ 48. Kc5 Rb8 49. Rxf7 Rc3+ 50. Kb4 Rxc2 51. Rf8+ Kc7 52. Rxb8 Kxb8 53. Kxb5 hxg5 54. Rxg5 Rb2 55. b4 Kc7 56. Rd5 Rf2 57. Rd4 Rf1 58. Rc4+ Kb7 59. Kc5 Kc7 60. Kd5+ Kd7 61. Ke5 Re1+ 62. Kf6 Re6+ 63. Kf5 Re1 64. Re4 Rb1 65. Kf6 Rd1 66. f5 Kd6 67. Kf7 Kd5 68. Re8 Rb1 69. f6 Rxb4 70. Kg6 Rg4+ 71. Kf5 Rg1 72. Rd8+ Kc6 73. f7 Rf1+ 74. Kg6 Rg1+ 75. Kh5 1-0

[Event "Sparkassen-Open A"]
[Site "Heusenstamm, Martinsee"]
[Date "2024.11.23"]
[Round "4.3"]
[White "Peng, Li Min"]
[Black "Tschernatsch, Johannes"]
[Result "1-0"]
[WhiteElo "2516"]
[BlackElo "2329"]
[PlyCount "51"]
[EventDate "2024.11.21"]
[WhiteTeam "Sfr. Wolfhagen e. V."]
[BlackTeam "SV Babelsberg 03 e.V."]

1. d4 Nf6 2. c4 g6 3. Nc3 d5 4. Nf3 Bg7 5. h3 O-O 6. cxd5 Nxd5 7. e4 Nxc3 8. bxc3 c5 9. Be2 Nc6 10. Be3 cxd4 11. cxd4 Qa5+ 12. Bd2 Qd8 13. Bc3 b6 14. Rc1 Bb7 15. d5 Bxc3+ 16. Rxc3 Na5 17. O-O Rc8 18. Rxc8 Qxc8 19. Qd2 Qb8 20. Qh6 f6 21. Nd4 Qe5 22. Ne6 Rf7 23. Rc1 f5 24. Rc7 Qd6 25. Qc1 Rf8 26. Qc3 1-0

[Event "Sparkassen-Open A"]
[Site "Heusenstamm, Martinsee"]
[Date "2024.11.23"]
[Round "4.4"]
[White "Haack, Kevin"]
[Black "Noe, Christopher"]
[Result "0-1"]
[WhiteElo "2304"]
[BlackElo "2510"]
[PlyCount "78"]
[EventDate "2024.11.21"]
[WhiteTeam "SV 1920 Hofheim"]
[BlackTeam "SC Eppingen"]

1. d4 Nf6 2. c4 g6 3. g3 c5 4. d5 Bg7 5. Nc3 O-O 6. Bg2 d6 7. Nf3 e6 8. O-O exd5 9. cxd5 Re8 10. Bf4 a6 11. a4 Ne4 12. Nd2 Nxc3 13. bxc3 Bxc3 14. Nc4 Bxa1 15. Qxa1 Nd7 16. e4 Ne5 17. Nxe5 dxe5 18. Bxe5 Rxe5 19. Qxe5 Bd7 20. Qd6 c4 21. a5 c3 22. Rc1 Rc8 23. h4 c2 24. e5 Qc7 25. Qxc7 Rxc7 26. d6 Rc5 27. f4 Bf5 28. Kf2 Kf8 29. Ke3 Rc3+ 30. Kd2 Rd3+ 31. Ke1 Rxg3 32. Bxb7 Ra3 33. Bxa6 Rxa5 34. Bc4 Ra3 35. Kf2 Ra4 36. d7 Ke7 37. Bxf7 Rxf4+ 38. Kg3 Rd4 39. Bb3 Rd3+ 0-1

[Event "Sparkassen-Open A"]
[Site "Heusenstamm, Martinsee"]
[Date "2024.11.23"]
[Round "4.5"]
[White "Nothnagel, Marian Can"]
[Black "Browning, Alex"]
[Result "1-0"]
[WhiteElo "2416"]
[BlackElo "2253"]
[PlyCount "87"]
[EventDate "2024.11.21"]
[WhiteTeam "SK Bickenbach"]
[BlackTeam "SG Porz e. V."]

1. e4 c5 2. Nf3 d6 3. d4 cxd4 4. Nxd4 Nf6 5. Nc3 a6 6. Rg1 e5 7. Nb3 Be6 8. g4 d5 9. exd5 Nxd5 10. Nxd5 Qxd5 11. Qxd5 Bxd5 12. Be3 Nc6 13. c3 Be7 14. Nd2 O-O 15. Bc4 Rfd8 16. Bxd5 Rxd5 17. Ke2 Rad8 18. Ne4 f6 19. b4 a5 20. a3 Kf7 21. Bb6 Ra8 22. Rgb1 Ra6 23. Bc5 axb4 24. axb4 Rxa1 25. Rxa1 g6 26. Bxe7 Kxe7 27. g5 fxg5 28. Nxg5 h6 29. Ne4 Rd7 30. Nc5 Rc7 31. Ra8 b6 32. Ne4 Nd8 33. f3 Rb7 34. Kd3 Rc7 35. Ra6 Rb7 36. Kc4 Ne6 37. Kd5 Kd7 38. Kxe5 Nc7 39. Ra1 Rb8 40. Rd1+ Ke7 41. Nf6 Rd8 42. Rxd8 Kxd8 43. Nd5 Nb5 44. c4 1-0

[Event "Sparkassen-Open A"]
[Site "Heusenstamm, Martinsee"]
[Date "2024.11.23"]
[Round "4.6"]
[White "Engel, Bruno"]
[Black "Milov, Leonid"]
[Result "1/2-1/2"]
[WhiteElo "2242"]
[BlackElo "2427"]
[PlyCount "24"]
[EventDate "2024.11.21"]
[WhiteTeam "Lübecker SV von 1873"]
[BlackTeam "SC Noris-Tarrasch Nürnberg 1873"]

1. e4 c5 2. Nf3 e6 3. d4 cxd4 4. Qxd4 Nc6 5. Qe3 Nf6 6. Nc3 Bb4 7. a3 Ba5 8. Bd2 d5 9. exd5 Nxd5 10. Nxd5 Qxd5 11. Bxa5 Qxa5+ 12. c3 O-O 1/2-1/2

[Event "Sparkassen-Open A"]
[Site "Heusenstamm, Martinsee"]
[Date "2024.11.23"]
[Round "4.7"]
[White "Poysti, Nathanael"]
[Black "Krastev, Alexander"]
[Result "1/2-1/2"]
[WhiteElo "2187"]
[BlackElo "2425"]
[PlyCount "116"]
[EventDate "2024.11.21"]
[WhiteTeam "ohne Verein"]
[BlackTeam "Schachgesellschaft Solingen e. V"]

1. c4 e5 2. g3 Nc6 3. Bg2 f5 4. Nc3 Nf6 5. b3 g6 6. Bb2 Bg7 7. d3 O-O 8. e3 d6 9. Nge2 g5 10. Qd2 Kh8 11. Nd5 Nxd5 12. cxd5 Ne7 13. f4 c6 14. dxc6 Nxc6 15. O-O gxf4 16. gxf4 Qe7 17. Rae1 Bd7 18. Ng3 exf4 19. Bxg7+ Qxg7 20. Rxf4 Rae8 21. Kh1 Ne7 22. Ref1 Bc6 23. Bxc6 bxc6 24. d4 Rg8 25. Qf2 Qg6 26. Rf3 Qe6 27. Qc2 Qd5 28. Qc4 Qa5 29. b4 Qd5 30. Qxd5 Nxd5 31. Nxf5 Re6 32. a3 Rge8 33. e4 Nf6 34. Nxd6 Rxd6 35. e5 Rxd4 36. exf6 Rf8 37. Rc1 Rd6 38. f7 Kg7 39. Rg1+ Rg6 40. Rgf1 Rg5 41. Rf6 a5 42. Rxc6 axb4 43. axb4 Rxf7 44. Rxf7+ Kxf7 45. Rh6 Kg7 46. Rh4 Kg6 47. h3 h5 48. Kh2 Rd5 49. Rc4 Rd3 50. Kg2 Rb3 51. h4 Kf5 52. Kf2 Kg6 53. Kg2 Kf5 54. Kf2 Ke5 55. Ke2 Kd5 56. Rc5+ Kd6 57. Rb5 Kc6 58. Rxh5 Rxb4 1/2-1/2

[Event "Sparkassen-Open A"]
[Site "Heusenstamm, Martinsee"]
[Date "2024.11.23"]
[Round "4.8"]
[White "Rempe, Jonas"]
[Black "Köllner, Ruben Gideon"]
[Result "0-1"]
[WhiteElo "2182"]
[BlackElo "2484"]
[PlyCount "82"]
[EventDate "2024.11.21"]
[WhiteTeam "SK Doppelbauer Kiel von 1910 e.V"]
[BlackTeam "SF Deizisau"]

1. e4 d6 2. d4 Nf6 3. Nc3 e5 4. Nf3 Nbd7 5. Bc4 Be7 6. a4 O-O 7. O-O exd4 8. Nxd4 Re8 9. f4 d5 10. exd5 Nb6 11. Bb3 c6 12. Be3 Ng4 13. Bf2 Bc5 14. f5 Qg5 15. Kh1 Nxf2+ 16. Rxf2 Qf6 17. Nce2 cxd5 18. Rf3 Bd7 19. Rd3 Bc6 20. c3 Nc4 21. Qc2 Nd6 22. Nf4 Qe5 23. Nde2 Ne4 24. Nh3 Qxf5 25. Rf3 Qg6 26. Raf1 Nf6 27. Qd2 Ne4 28. Qf4 Bd6 29. Qh4 Be7 30. Qf4 Bd6 31. Qh4 Nd2 32. Nef4 Nxf3 33. gxf3 Qf5 34. Rg1 Bxf4 35. Nxf4 g6 36. Rg5 Re1+ 37. Kg2 Qb1 38. Qf2 Rae8 39. h4 Qc1 40. Nd3 Qxg5+ 41. hxg5 R1e2 0-1

[Event "Sparkassen-Open A"]
[Site "Heusenstamm, Martinsee"]
[Date "2024.11.23"]
[Round "4.9"]
[White "Kersten, Uwe"]
[Black "Poetsch, Hagen"]
[Result "0-1"]
[WhiteElo "2170"]
[BlackElo "2502"]
[PlyCount "54"]
[EventDate "2024.11.21"]
[WhiteTeam "Sfr. Wolfhagen e. V."]
[BlackTeam "SC Heusenstamm"]

1. e4 c5 2. c3 Nf6 3. e5 Nd5 4. d4 cxd4 5. Nf3 d6 6. Bc4 Nb6 7. Bb5+ Bd7 8. Bxd7+ Qxd7 9. cxd4 e6 10. Qe2 dxe5 11. dxe5 Bb4+ 12. Bd2 Nc6 13. O-O Rd8 14. a3 Be7 15. Nc3 Qd3 16. Rfd1 Nc4 17. Qe1 Nxb2 18. Rdb1 Nc4 19. Bg5 Bxg5 20. Nxg5 Nd4 21. Nb5 Nc2 22. Qc1 Nxa1 23. Nc7+ Kd7 24. Rxa1 Kxc7 25. Nxf7 Kb8 26. h3 Qd4 27. Nxh8 Rxh8 0-1

[Event "Sparkassen-Open A"]
[Site "Heusenstamm, Martinsee"]
[Date "2024.11.23"]
[Round "4.10"]
[White "Bagrationi, Alexander"]
[Black "Hoppe, Thilo"]
[Result "1/2-1/2"]
[WhiteElo "2391"]
[BlackElo "2127"]
[PlyCount "23"]
[EventDate "2024.11.21"]
[WhiteTeam "SV Hemer 1932 e. V."]
[BlackTeam "SC Bonn Beuel"]

1. d4 d5 2. Nf3 Nf6 3. c4 c6 4. Nbd2 Bf5 5. e3 e6 6. Be2 h6 7. O-O Nbd7 8. b3 Be7 9. Bb2 O-O 10. Ne5 Ne4 11. f3 Nxd2 12. Qxd2 1/2-1/2

[Event "Sparkassen-Open A"]
[Site "Heusenstamm, Martinsee"]
[Date "2024.11.23"]
[Round "4.11"]
[White "Golubka, Petro"]
[Black "Erdmann, Stefan"]
[Result "1-0"]
[WhiteElo "2365"]
[BlackElo "2137"]
[PlyCount "121"]
[EventDate "2024.11.21"]
[WhiteTeam "SC Heimbach-Weis/Neuwied e.V."]
[BlackTeam "SK Bad Homburg 1927"]

1. d4 d5 2. c4 c6 3. Nc3 Nf6 4. Nf3 dxc4 5. a4 Bf5 6. e3 e6 7. Bxc4 Bb4 8. O-O Nbd7 9. h3 O-O 10. Nh4 Ne4 11. Nxf5 exf5 12. Qf3 Nxc3 13. bxc3 Bxc3 14. Rb1 Nb6 15. Bb3 Qe7 16. Qxf5 Rad8 17. Bc2 g6 18. Qc5 Qxc5 19. dxc5 Nd7 20. Rxb7 Nxc5 21. Rxa7 Ra8 22. Ba3 Rxa7 23. Bxc5 Ra6 24. Bxf8 Kxf8 25. Rb1 Ra7 26. Rb6 c5 27. Rc6 Bb4 28. g4 Ke7 29. g5 Rd7 30. h4 Kd8 31. Bb3 Ke8 32. Kg2 Ke7 33. Bc4 Ra7 34. Bb3 Rb7 35. Bc4 Ra7 36. Bb5 Rb7 37. f4 Kf8 38. Kf3 Kg7 39. e4 h6 40. e5 Be1 41. gxh6+ Kxh6 42. Kg4 Kg7 43. Rxc5 f5+ 44. exf6+ Kxf6 45. Rc6+ Kg7 46. Kg5 Rf7 47. Rxg6+ Kh7 48. Bd3 Kh8 49. Rh6+ Kg7 50. Rh7+ Kf8 51. Rxf7+ Kxf7 52. Bc4+ Kg7 53. h5 Bd2 54. Kf5 Kh6 55. Bf7 Kg7 56. Bg6 Bc3 57. Ke6 Bd2 58. f5 Bc3 59. Be8 Kf8 60. Bc6 Kg7 61. Be4 1-0

[Event "Sparkassen-Open A"]
[Site "Heusenstamm, Martinsee"]
[Date "2024.11.23"]
[Round "4.12"]
[White "Stork, Christopher"]
[Black "Boder, Jan"]
[Result "1/2-1/2"]
[WhiteElo "2079"]
[BlackElo "2338"]
[PlyCount "69"]
[EventDate "2024.11.21"]
[WhiteTeam "SV Oberursel"]
[BlackTeam "SC ML Kastellaun"]

1. d4 Nf6 2. c4 e6 3. Nf3 d5 4. g3 dxc4 5. Bg2 Nc6 6. Qa4 Bb4+ 7. Bd2 Nd5 8. Qc2 Nb6 9. Bxb4 Nxb4 10. Qc3 Qe7 11. O-O O-O 12. Nbd2 c5 13. Nxc4 N4d5 14. Qb3 cxd4 15. Nxb6 Nxb6 16. Nxd4 e5 17. Nb5 Be6 18. Qe3 Nc4 19. Qc1 Rfc8 20. Nc3 Rab8 21. b3 Qb4 22. bxc4 Rxc4 23. Qe3 Qxc3 24. Qxa7 Rcc8 25. Rab1 Ra8 26. Qxb7 Rxa2 27. Qe4 g6 28. Rbd1 Bf5 29. Qb7 Rxe2 30. Bd5 Rc7 31. Qa6 Rb2 32. Qf6 Rb8 33. Rfe1 e4 34. Qxc3 Rxc3 35. Bxe4 1/2-1/2

[Event "Sparkassen-Open A"]
[Site "Heusenstamm, Martinsee"]
[Date "2024.11.23"]
[Round "4.13"]
[White "Wenzel, Calvin"]
[Black "Hirneise, Jens"]
[Result "1/2-1/2"]
[WhiteElo "2058"]
[BlackElo "2315"]
[PlyCount "69"]
[EventDate "2024.11.21"]
[WhiteTeam "SK 1980 Gernsheim"]
[BlackTeam "SC Böblingen 1975 e.V."]

1. e4 e6 2. d4 d5 3. Nd2 a6 4. Ngf3 c5 5. exd5 exd5 6. Be2 Nf6 7. O-O Bd6 8. dxc5 Bxc5 9. Nb3 Bb6 10. Nbd4 O-O 11. c3 Re8 12. Re1 Nc6 13. Qc2 Bg4 14. Be3 Bc7 15. Rad1 Qd6 16. Nf5 Qd7 17. Ng3 Bxg3 18. hxg3 Bf5 19. Qc1 Qc7 20. Bg5 Ne4 21. Rxd5 Be6 22. Bf4 Qc8 23. Rdd1 Bxa2 24. Qc2 Nc5 25. Ng5 g6 26. Rd6 Bb3 27. Qd2 h6 28. Be3 Na5 29. Bxc5 Qxc5 30. Nf3 Nc4 31. Bxc4 Rxe1+ 32. Qxe1 Bxc4 33. Qe7 Qf5 34. Rf6 Qd5 35. Rd6 1/2-1/2

[Event "Sparkassen-Open A"]
[Site "Heusenstamm, Martinsee"]
[Date "2024.11.23"]
[Round "4.14"]
[White "Hinrichs, Paul"]
[Black "Villwock, Martin"]
[Result "1-0"]
[WhiteElo "2286"]
[BlackElo "2075"]
[PlyCount "107"]
[EventDate "2024.11.21"]
[WhiteTeam "Sfr.Heidesheim"]
[BlackTeam "SF Essen-Katernberg 0"]

1. d4 Nf6 2. g3 c5 3. dxc5 Qa5+ 4. Nc3 Ne4 5. Qd3 Nxc5 6. Qb5 Qxb5 7. Nxb5 Nba6 8. Bg2 d6 9. Be3 Bd7 10. Bxc5 Bxb5 11. Bxb7 Rb8 12. Bxa6 Bxa6 13. Ba3 g6 14. e3 Bg7 15. Ne2 O-O 16. Nd4 Rfc8 17. O-O-O Bb7 18. Rhe1 Be4 19. Rd2 a5 20. b3 a4 21. Kb2 Rb6 22. c3 axb3 23. axb3 Ra6 24. Ra1 Rca8 25. Rdd1 Ra5 26. Bb4 Rxa1 27. Rxa1 Rxa1 28. Kxa1 Bxd4 29. exd4 Kf8 30. Kb2 Ke8 31. c4 Kd7 32. Kc3 e6 33. Ba5 g5 34. h4 gxh4 35. gxh4 h5 36. b4 d5 37. b5 dxc4 38. Kxc4 Kc8 39. Kc5 Kb7 40. Kd6 Bd3 41. Kc5 Be4 42. f4 f5 43. Kd6 Bd5 44. Ke7 Bc4 45. Kf6 Kc8 46. b6 Kb7 47. Kg6 Be2 48. d5 exd5 49. Kxf5 d4 50. Ke5 d3 51. f5 d2 52. Bxd2 Kxb6 53. f6 Bc4 54. Kd6 1-0

[Event "Sparkassen-Open A"]
[Site "Heusenstamm, Martinsee"]
[Date "2024.11.23"]
[Round "4.16"]
[White "Chassard, Cedric"]
[Black "Perske, Paul"]
[Result "1/2-1/2"]
[WhiteElo "2283"]
[BlackElo "2093"]
[PlyCount "46"]
[EventDate "2024.11.21"]
[WhiteTeam "SV 1926 Riegelsberg"]
[BlackTeam "Sfr.Heidesheim"]

1. Nf3 Nf6 2. c4 g6 3. Nc3 Bg7 4. e4 e5 5. Nxe5 O-O 6. Nf3 Re8 7. d3 d5 8. cxd5 Nxd5 9. Bd2 Bg4 10. Nxd5 Qxd5 11. Be2 Qd6 12. Bc3 Nc6 13. O-O Bxf3 14. Bxf3 Rad8 15. Be2 Nd4 16. Rc1 c5 17. Re1 Bh6 18. Rb1 Nxe2+ 19. Qxe2 Qxd3 20. g3 Bg7 21. Rbc1 b6 22. Bxg7 Kxg7 23. Rc3 Qxe2 1/2-1/2

[Event "Sparkassen-Open A"]
[Site "Heusenstamm, Martinsee"]
[Date "2024.11.23"]
[Round "4.17"]
[White "Burkhardt, Holger"]
[Black "Eilers, Stefan"]
[Result "0-1"]
[WhiteElo "2087"]
[BlackElo "2275"]
[PlyCount "116"]
[EventDate "2024.11.21"]
[WhiteTeam "SK 1858 Gießen"]
[BlackTeam "SAbt SG 1945 Dietzenbach"]

1. e4 d6 2. d4 Nf6 3. Nc3 e5 4. dxe5 dxe5 5. Qxd8+ Kxd8 6. f4 Nbd7 7. Nf3 Bd6 8. fxe5 Nxe5 9. Bg5 c6 10. Bd3 h6 11. Bh4 Be6 12. Nd4 Ke7 13. O-O-O Rad8 14. Nf5+ Bxf5 15. exf5 Nxd3+ 16. cxd3 Rhe8 17. Rde1+ Kf8 18. Bxf6 Rxe1+ 19. Rxe1 gxf6 20. g3 Be5 21. Kc2 h5 22. Ne4 b6 23. h3 Ke7 24. Re2 c5 25. a4 Kd7 26. g4 hxg4 27. hxg4 Rg8 28. Rg2 Kc6 29. b3 Kd5 30. Nc3+ Kc6 31. Ne4 a6 32. g5 fxg5 33. Rxg5 Rh8 34. f6 Kd5 35. a5 bxa5 36. Rg2 Rh6 37. Rf2 Rg6 38. Kd2 Kd4 39. Kc2 a4 40. Nd2 a3 41. Nf3+ Kd5 42. Nxe5 Kxe5 43. Kc3 Rxf6 44. Ra2 Rc6 45. Rxa3 f5 46. Ra5 Kf4 47. Kd2 Kg4 48. Ke2 f4 49. Kf2 Rb6 50. Rxc5 Rxb3 51. Ra5 Rb2+ 52. Ke1 Rb6 53. Kf2 Rh6 54. d4 Rh2+ 55. Kg1 Rd2 56. Rxa6 Kg3 57. Ra1 f3 58. Kf1 Rh2 0-1

[Event "Sparkassen-Open A"]
[Site "Heusenstamm, Martinsee"]
[Date "2024.11.23"]
[Round "4.18"]
[White "Glöckler, Christian"]
[Black "Böddeker, Henry"]
[Result "1-0"]
[WhiteElo "2266"]
[BlackElo "2059"]
[PlyCount "81"]
[EventDate "2024.11.21"]
[WhiteTeam "Wiesbadener SV 1885"]
[BlackTeam "SF Berlin 1903 e.V."]

1. e4 d6 2. d4 Nf6 3. Nc3 e5 4. Nf3 Nbd7 5. g4 Nxg4 6. Rg1 Ngf6 7. Bc4 h6 8. Be3 c6 9. a4 a5 10. dxe5 dxe5 11. Qe2 Qe7 12. O-O-O g6 13. Qd3 b6 14. Rd2 Bb7 15. Rgd1 Bg7 16. Ba2 O-O 17. Qd6 Qxd6 18. Rxd6 Bc8 19. Rg1 Kh7 20. Rxc6 Bb7 21. Rd6 Rac8 22. Nd2 Rc6 23. Rxc6 Bxc6 24. f3 h5 25. Bc4 Bh6 26. Nf1 Ne8 27. Bxh6 Kxh6 28. Ne3 Nd6 29. Be2 f5 30. Rd1 Nb7 31. exf5 gxf5 32. Bb5 Bxb5 33. axb5 Nbc5 34. Ncd5 e4 35. f4 Rf7 36. Ne7 Kh7 37. N7xf5 Ne6 38. Ng3 Nxf4 39. Nxe4 Kg7 40. Ng5 Ne2+ 41. Kd2 1-0

[Event "Sparkassen-Open A"]
[Site "Heusenstamm, Martinsee"]
[Date "2024.11.23"]
[Round "4.19"]
[White "Pilhöfer, Lukas"]
[Black "Ohler, Julius"]
[Result "0-1"]
[WhiteElo "1949"]
[BlackElo "2231"]
[PlyCount "74"]
[EventDate "2024.11.21"]
[WhiteTeam "SC Sulzbach-Rosenberg"]
[BlackTeam "SC ML Kastellaun"]

1. d4 Nf6 2. Nf3 e6 3. c4 Bb4+ 4. Bd2 Qe7 5. Qb3 Bxd2+ 6. Nbxd2 d6 7. g3 Nbd7 8. Bg2 e5 9. O-O O-O 10. e3 h6 11. Qc2 a5 12. Rac1 Rd8 13. Nb1 Nf8 14. Nc3 c6 15. d5 cxd5 16. Nxd5 Nxd5 17. cxd5 Bg4 18. Qa4 Qd7 19. Qxd7 Nxd7 20. Rc7 Bxf3 21. Bxf3 Nc5 22. Bg4 Rf8 23. Rc1 f5 24. Bh3 Rf6 25. a3 a4 26. Rc4 b5 27. Rb4 Na6 28. Rb7 Nxb4 29. axb4 Rc8 30. Bf1 Rc1 31. Kg2 f4 32. exf4 exf4 33. Bxb5 f3+ 34. Kh3 Rc2 35. Rb8+ Rf8 36. Rb6 Rxf2 37. Rxd6 Rxb2 0-1

[Event "Sparkassen-Open A"]
[Site "Heusenstamm, Martinsee"]
[Date "2024.11.23"]
[Round "4.20"]
[White "Marcziter, Dmitrii"]
[Black "Li, Yunqi"]
[Result "1-0"]
[WhiteElo "2187"]
[BlackElo "2046"]
[PlyCount "71"]
[EventDate "2024.11.21"]
[WhiteTeam "Schachgemeinschaft Porz e. V."]
[BlackTeam "SF 59 Kornwestheim"]

1. d4 Nf6 2. c4 e6 3. a3 d5 4. Nc3 Be7 5. Bg5 O-O 6. e3 Nbd7 7. cxd5 exd5 8. Qc2 c6 9. Bd3 Re8 10. Nge2 b6 11. O-O Bb7 12. f3 h6 13. Bh4 c5 14. Rad1 cxd4 15. exd4 Nh5 16. Bf2 Rc8 17. Qb3 Bd6 18. Rfe1 Ndf6 19. g4 Nf4 20. Nxf4 Bxf4 21. Ne2 Qd6 22. Ng3 g6 23. Kg2 Bc6 24. h4 Bd7 25. Ne2 h5 26. g5 Ne4 27. fxe4 dxe4 28. Bc4 Rxc4 29. Qxc4 e3 30. Bg3 Bxg3 31. Nxg3 Qf4 32. Rf1 Qg4 33. Qxf7+ Kh8 34. Rf3 Qh3+ 35. Kg1 e2 36. Re1 1-0

[Event "Sparkassen-Open A"]
[Site "Heusenstamm, Martinsee"]
[Date "2024.11.23"]
[Round "4.21"]
[White "Petersen, Henrik"]
[Black "Lutterbach, Jakob"]
[Result "1-0"]
[WhiteElo "2194"]
[BlackElo "1914"]
[PlyCount "113"]
[EventDate "2024.11.21"]
[WhiteTeam "SV 03/25 Koblenz"]
[BlackTeam "SK Bingen"]

1. e4 c6 2. d4 d5 3. exd5 cxd5 4. Bd3 Nc6 5. c3 Nf6 6. Bf4 Bg4 7. Qb3 Qd7 8. Nd2 e6 9. Ngf3 Bxf3 10. Nxf3 Bd6 11. Bxd6 Qxd6 12. O-O O-O 13. Rfe1 Qc7 14. Qc2 Rfc8 15. Qe2 h6 16. a3 a6 17. h3 Rab8 18. Kh1 Re8 19. Rad1 Rbc8 20. Bb1 b5 21. Ne5 Nxe5 22. dxe5 Nd7 23. Rd4 Qd8 24. Qd3 Nf8 25. f4 Rc4 26. Qe3 Qb6 27. Bd3 Rxd4 28. cxd4 Rc8 29. g4 Qd8 30. Rc1 Rxc1+ 31. Qxc1 Qh4 32. Kg2 h5 33. Qd1 Ng6 34. Bxg6 fxg6 35. Qf3 Kh7 36. Qg3 Qd8 37. Qd3 Kh6 38. Kg3 Qe7 39. Qc2 Qf7 40. Qc8 Kh7 41. Qc2 Kh6 42. Qd2 Kh7 43. Qc1 Qa7 44. Qe3 Qf7 45. Qf2 Qf8 46. Kg2 Qc8 47. Kh2 Kg8 48. Kg3 Qc4 49. gxh5 gxh5 50. Kh4 g6 51. Qg2 Kh7 52. Qg5 Qc7 53. Qf6 Qd7 54. Kg5 Qe8 55. b4 Qg8 56. Qe7+ Qg7 57. Qxg7+ 1-0

[Event "Sparkassen-Open A"]
[Site "Heusenstamm, Martinsee"]
[Date "2024.11.23"]
[Round "4.22"]
[White "Udelnov, Valentin"]
[Black "Smith, Bryan"]
[Result "1/2-1/2"]
[WhiteElo "1980"]
[BlackElo "2399"]
[PlyCount "124"]
[EventDate "2024.11.21"]
[WhiteTeam "SG Aufbau Elbe Magdeburg"]
[BlackTeam "TSV Poing"]

1. e4 c5 2. Nf3 d6 3. d4 cxd4 4. Nxd4 Nf6 5. Nc3 a6 6. Bc4 e6 7. a4 Bd7 8. O-O Nc6 9. Nxc6 Bxc6 10. Qe2 Qc7 11. a5 Rc8 12. Bd3 Be7 13. Bf4 Nd7 14. b4 Bf6 15. Ra3 O-O 16. b5 Bxc3 17. b6 Qd8 18. Rxc3 Qf6 19. Qd2 Ne5 20. Re1 Bd7 21. Ra3 Rc6 22. Bg5 Qg6 23. Bf1 f6 24. Bf4 Nf7 25. Rg3 Qh5 26. Bd3 Ne5 27. Bh6 Ng6 28. Rh3 Qe5 29. Bxg7 Rf7 30. Bh6 Rc5 31. f4 Qd4+ 32. Kh1 f5 33. exf5 Rfxf5 34. Rd1 Rh5 35. Rxh5 Rxh5 36. Bxg6 Qxd2 37. Rxd2 Rxa5 38. h3 hxg6 39. Rxd6 Rd5 40. Rxd5 exd5 41. Kg1 a5 42. Bg5 Kf7 43. Bh4 Ke6 44. Be1 a4 45. Kf2 d4 46. c3 Kd5 47. cxd4 Kc4 48. Bd2 Kb5 49. Bc1 Be6 50. d5 Bxd5 51. Be3 Kc4 52. Bc1 Kb3 53. Be3 a3 54. Bd4 Kc4 55. Bf6 Kd3 56. g4 a2 57. h4 Ke4 58. h5 gxh5 59. gxh5 Kxf4 60. Ke2 Kf5 61. Bg7 a1=Q 62. Bxa1 Kg5 1/2-1/2

[Event "Sparkassen-Open A"]
[Site "Heusenstamm, Martinsee"]
[Date "2024.11.23"]
[Round "4.23"]
[White "Wuerl, Roland"]
[Black "Weber, Samuel"]
[Result "1/2-1/2"]
[WhiteElo "2013"]
[BlackElo "2260"]
[PlyCount "67"]
[EventDate "2024.11.21"]
[WhiteTeam "SC FK Babenhausen 1994"]
[BlackTeam "SV Oberursel"]

1. d4 Nf6 2. c4 e6 3. Nc3 Bb4 4. a3 Bxc3+ 5. bxc3 d6 6. f3 c5 7. e4 Nc6 8. Ne2 O-O 9. Ng3 h6 10. Be2 b6 11. O-O Ba6 12. f4 cxd4 13. cxd4 d5 14. cxd5 Bxe2 15. Nxe2 exd5 16. e5 Ne4 17. f5 Kh7 18. Qd3 Qh4 19. f6 Rg8 20. Be3 Qg4 21. Ng3 gxf6 22. Rxf6 Rg6 23. Rxf7+ Kh8 24. Rf4 Qe6 25. Nxe4 dxe4 26. Qxe4 Rag8 27. Kh1 Ne7 28. Rd1 Nd5 29. Rf2 b5 30. Bd2 Rg4 31. Qd3 Qg6 32. Qxg6 R8xg6 33. Bb4 Nxb4 34. axb4 1/2-1/2

[Event "Sparkassen-Open A"]
[Site "Heusenstamm, Martinsee"]
[Date "2024.11.23"]
[Round "4.24"]
[White "Stichter, Constantin Paul"]
[Black "Sydykov, Bayastan"]
[Result "0-1"]
[WhiteElo "1965"]
[BlackElo "2251"]
[PlyCount "106"]
[EventDate "2024.11.21"]
[WhiteTeam "SG Traunstein/Traunreut e.V."]
[BlackTeam "SK 1858 Gießen"]

1. e4 e6 2. d4 d5 3. exd5 exd5 4. Nf3 Nf6 5. Bd3 c5 6. dxc5 Bxc5 7. O-O O-O 8. h3 h6 9. Nbd2 Nc6 10. c3 Re8 11. Re1 Ne4 12. Re2 Bf5 13. Nb3 Bb6 14. Nbd4 Bg6 15. Be3 Bh5 16. Re1 Bc7 17. Be2 a6 18. Nd2 Bg6 19. Nxe4 Bxe4 20. Bf3 Ne5 21. Bxe4 dxe4 22. Bf4 Nd3 23. Bxc7 Qxc7 24. Re3 Nxb2 25. Qg4 g6 26. Rb1 Na4 27. Rxe4 Nxc3 28. Rc1 Rxe4 29. Qxe4 Rd8 30. Qe1 Rxd4 31. Rxc3 Rd1 32. Rxc7 Rxe1+ 33. Kh2 Rb1 34. a4 a5 35. Rc5 b6 36. Rc6 Rb4 37. g4 Kf8 38. Kg3 Ke7 39. h4 Rb3+ 40. f3 Rb4 41. h5 gxh5 42. gxh5 f6 43. f4 Rxa4 44. Rxb6 Rd4 45. Kg4 Rd6 46. Rb1 a4 47. Kf5 a3 48. Rb7+ Rd7 49. Rb6 Ra7 50. Re6+ Kf8 51. Kg6 a2 52. Rxf6+ Kg8 53. Rc6 Ra8 0-1

[Event "Sparkassen-Open A"]
[Site "Heusenstamm, Martinsee"]
[Date "2024.11.23"]
[Round "4.25"]
[White "Neukirchner, Pascal"]
[Black "Leibbrand, Udo"]
[Result "1-0"]
[WhiteElo "2255"]
[BlackElo "2024"]
[PlyCount "43"]
[EventDate "2024.11.21"]
[WhiteTeam "Heilbronner SV"]
[BlackTeam "SC Pforzheim 1906"]

1. d4 Nf6 2. c4 c6 3. Nf3 d5 4. g3 g6 5. Bg2 Bg7 6. O-O O-O 7. Ne5 b6 8. Nc3 Bb7 9. Qb3 e6 10. Rd1 Nbd7 11. Bf4 Qe7 12. Nxd7 Nxd7 13. e4 Bxd4 14. exd5 Nc5 15. Qc2 Qf6 16. dxc6 Ba6 17. Rac1 Rac8 18. b4 Bxc3 19. Qxc3 Qxc3 20. Rxc3 Na4 21. Ra3 b5 22. Rxa4 1-0